MDQL
is popping MORE tags! Check the
thread
!
Quizzes
Events
Quiz Creation
Community
Videos
Private Events
Remove Ads
Sign In
Join for FREE
Feedback
Dark Mode
Quiz Categories
Sports
Geography
Music
Movies
Television
Just For Fun
Miscellaneous
History
Literature
Language
Science
Gaming
Entertainment
Religion
Holiday
For Kids
Quiz Lab
Recent
Popular Today
Quiz Kudos Today
Editor Picks
Curator Picks
Quizzes by...
Day
Popularity
Type
Ratings
Length
Year
Community
Subscriptions
Recent Discussions
Orange Saloon
Badges
Playlists
Quests
Create
Leaderboards
Showdown
Live 5
Trivia Bingo
Activity
Puzzle Library
Sporcle Events
Private Events
Virtual Trivia
Globe League
Become a Host
Pub Owners
SporcleCon
Opinionation
Our Games
Videos
Blog
Mobile Apps
Partnerships
Remove Ads and Go Orange
Feedback
Music
Pop Music
The Beatles
Song
Album
Lyrics
Bands
Singers
Artist
Clip
Rock
Rap
Classical
Billboard
Country Music
Kpop
Taylor Swift
Music
Pop Music
The Beatles
Song
Album
Lyrics
Bands
Singers
Artist
Clip
Rock
Rap
Classical
Billboard
Country Music
Kpop
Taylor Swift
Random Quiz
Search Sporcle
×
Quiz Lab
Quiz Lab
Music
Song
Type in answers that appear in a list
Type in answers that appear in a list
Classic
Best Score? Go Orange.
We Cut Corners Songs Stats
Can you name the We Cut Corners Songs from all their studio albums?
By
dcullen31
8m
45 Questions
10 Plays
10 Plays
10 Plays
Comments
Comments
Give Quiz Kudos
Give Quiz Kudos
-
- Ratings
hide this ad
Replay
Link that replays current quiz
Next Quiz
Link to next quiz in quiz playlist
You Got
0%
They Got
Avg Score
65%
Avg Friend Score
Upgrade to see
Score Distribution
Jump to the score distribution portion of the page
Score
0/45
Timer
08:00
0
Plays Today
Hint
Answer
% Correct
The Cadences of Others
Middle Kids
100%
The Cadences of Others
Oh
100%
The Cadences of Others
The End Has Already Happened
100%
Think Nothing
Wallflowers
100%
Think Nothing
YKK
100%
Today I Realised I Could Go Home Backwards
Three People
100%
Today I Realised I Could Go Home Backwards
Go Easy
100%
Today I Realised I Could Go Home Backwards
A Pirate's Life
100%
Today I Realised I Could Go Home Backwards
Are You a Man or a Mannequin?
100%
Today I Realised I Could Go Home Backwards
Yet
100%
Impostors
Impostors
100%
Impostors
Rainy Night in Slomo
100%
Impostors
Iimpostors
100%
Impostors
Laughing Maniacally
100%
Impostors
Iiimpostors
100%
Muscle Memory-
EP
Muscle Memory
100%
Muscle Memory-
EP
Evil Knievel
100%
Muscle Memory-
EP
Moon Landing
100%
The Cadences of Others
Milk Teeth
90%
The Cadences of Others
Traffic Island
90%
The Cadences of Others
Of Whatever
90%
Today I Realised I Could Go Home Backwards
Dumb Blonde
90%
Impostors
Ten Sentences
83.3%
Hint
Answer
% Correct
The Cadences of Others
Reluctant Recluse
80%
The Cadences of Others
Sound
80%
Think Nothing
This Is Then
80%
The Cadences of Others
Blood Vessels
70%
Think Nothing
Hunger
70%
Think Nothing
Overtures
70%
Think Nothing
Blue
70%
Think Nothing
Best Friend
70%
Today I Realised I Could Go Home Backwards
The Male Mind
70%
Today I Realised I Could Go Home Backwards
The Leopard
70%
Impostors
Original Sin
66.7%
Impostors
The Specialist
66.7%
The Cadences of Others
On Avoiding People
60%
Today I Realised I Could Go Home Backwards
Say Yes To Everything
60%
Think Nothing
Mammals
50%
Think Nothing
Maybe In The Future
50%
Today I Realised I Could Go Home Backwards
Toll Free
50%
Impostors
Eke
50%
Impostors
Once in the Woods
50%
Muscle Memory-
EP
Mystery Illness
50%
Think Nothing
Every Thief
30%
Impostors
Stranded
16.7%
Quiz Playlist
Details
Report
Send in Message
Add To Playlist
Classic:
Type in answers that appear in a list
Last Updated: Feb 2, 2018
Quiz Scoreboard
CHALLENGE
Sign Up to Join the Scoreboard
Show All
Scores
Hide
Comments
May contain spoilers
Recently Published
Holiday 10x10 Sorting Gallery
by lukepisani3
Holiday
15m
Two Season TV Shows II
by 123Four
Television
10m
Image Sorting: Flags VI
by Barbecue
Geography
2m
More to Explore
Quiz From the Vault
Featured Blog Post
14 Easter Pick-up Lines to Find Eggs With
hide this ad
You Might Also Like...
Tags
Album Quiz
Song Quiz
Corner
cut
studio
Today's Top Quizzes in Music
Browse Music
hide this ad
Today's Top Quizzes in Song
Browse Song
Top Contributed Quizzes in Music
1
5X2 Blitz: Bands II
2
Taylor Swift All Songs (2024)
3
5X2 Blitz: The Beatles
4
5X2 Blitz: Billboard
5
Music Artist by Three 2010s hits
6
5X2 Blitz: Billboard II
7
5X2 Blitz: Album
8
5X2 Blitz: Rock
9
5X2 Blitz: Singers
10
5X2 Blitz: Lyrics
Explore More
Trending Topics
Harry Potter
NBA
Anime
Disney
Kpop
Marvel
Crossword
Country
Song
Pokémon
The Office
Puzzle
NFL
WWE
Soccer
hide this ad
More By:
dcullen31
Quiz
Plays
Rating
Category
Featured
Created
10 to 1 Songs by American Artists
1,228
5.00
Music
Feb 10, 2018
15 to 1 Beatles Facts
1,053
5.00
Music
Feb 3, 2018
10 to 1 Songs by English Artists
893
5.00
Music
Feb 10, 2018
10 to 1 Songs by Canadian Artists
706
3.56
Music
Feb 10, 2018
10 to 1 Arctic Monkeys
627
5.00
Music
Aug 17, 2018
Go to Creator's Profile
Score Distribution
Quiz Creator Spotlight
dcullen31
Follow
Send a Message
Quizzes Created
-
Created Quiz Play Count
-
More By This Creator
Popular Quizzes Today
1
Find the US States - No Outlines Minefield
2
Colored Red Africa Blitz
3
Find the 'City' Movie
4
The Countries of the World
5
5x2 Blitz: Bands
6
Find the Countries of Europe - No Outlines Minefield
7
Find the US States
8
US States
More Music Quizzes
One-Word Album Titles by Image
Curator's Pick
Trending Quizzes
Colored Red Europe Blitz I
Colored Red Europe Blitz II
Colored Red Africa Blitz II
Even More Two Season TV Shows
Colored Red Africa Blitz III
Recently Updated
Odd Team Out - Big 4 Players
pecheneg
Quick Pick: 20 Twenties
pecheneg
March Madness Men's Triple Doubles
pecheneg
How Do You Spell That?
pecheneg
Godzilla Movies
pecheneg
Grab Bag: 4-10 Letters
pecheneg
2024 March Madness Bracket
pecheneg
Famous TV Couples
Peacemaker
Champions League XIs: Real Madrid
pecheneg
Largest US Cities 1790-2010
pecheneg
Trending Topics
Harry Potter
Kpop
Anime
NBA
Crossword
Disney
Marvel
WWE
Puzzle
NFL
The Office
Song
Pokémon
Soccer
Country
Your Account Isn't Verified!
In order to create a playlist on Sporcle, you need to verify the email address you used during registration. Go to your
Sporcle Settings
to finish the process.
Report this User
Report this user for behavior that violates our
Community Guidelines
.
Details:
Send Report
Go to the Sporcle.com Mobile Site →
Comments